书目信息 |
| 题名: |
村镇规划与住宅设计图集
|
|
| 作者: | ;中国城市规划设计研究院 编 | |
| 分册: | ||
| 出版信息: | 北京 中国建筑工业出版社 1994.03 |
|
| 页数: | 206页 | |
| 开本: | 18cm*26cm | |
| 丛书名: | 全国星火丛书 | |
| 单 册: | ||
| 中图分类: | TU982.29-64 | |
| 科图分类: | ||
| 主题词: | 区域规划 | |
| 电子资源: | ||
| ISBN: | 7-112-02226-6 | |
| 000 | 00758nam0 2200217 45 | |
| 001 | 0257877300 | |
| 005 | 2002041116043730 | |
| 010 | @a7-112-02226-6@b压膜@dRMB 10.50 | |
| 100 | @a20020411d1994 km y0chiy0120 ea | |
| 101 | 0 | @achi |
| 102 | @aCN@b110000 | |
| 200 | 1 | @a村镇规划与住宅设计图集@Acun zhen gui hua yu zhu zhai she ji tu ji@f中国城市规划设计研究院编@Fzhong guo cheng shi gui hua she ji yan jiu yuan bian |
| 210 | @a北京@c中国建筑工业出版社@d1994.03 | |
| 215 | @a206页@d18cm*26cm | |
| 225 | 2 | @a全国星火丛书 |
| 461 | 0 | @12001 @a全国星火丛书 |
| 606 | 0 | @a区域规划 |
| 690 | @aTU982.29-64@v3 | |
| 711 | 0 | @a中国城市规划设计研究院@Azhong guo cheng shi gui hua she ji yan jiu yuan@4编 |
| 801 | 0 | @aCN@bPFT@c20020411 |
| 905 | @a10447@dTU982.29-64@eZ548 | |
| 村镇规划与住宅设计图集/中国城市规划设计研究院编.-北京:中国建筑工业出版社,1994.03 |
| 206页;18cm*26cm.-(全国星火丛书) |
| ISBN 7-112-02226-6(压膜):RMB 10.50 |
| ● |
| 相关链接 |
|
|
|
正题名:村镇规划与住宅设计图集
索取号:TU982.29-64/Z548
 
预约/预借
| 序号 | 登录号 | 条形码 | 馆藏地/架位号 | 状态 | 备注 |
| 1 | 355828 | 203558284 | 建筑库201/201建筑库 59排4列2层/ [索取号:TU982.29-64/Z548] | 在馆 | |
| 2 | 355829 | 203558293 | 自科二线404/404自科库 21排4列6层/ [索取号:TU982.29-64/Z548] | 在馆 | |
| 3 | 355830 | 203558300 | 建筑库201/201建筑库 59排4列2层/ [索取号:TU982.29-64/Z548] | 在馆 | |
| 4 | 355831 | 203558319 | 建筑库201/201建筑库 59排4列2层/ [索取号:TU982.29-64/Z548] | 在馆 | |
| 5 | 355832 | 203558328 | 建筑库201/201建筑库 59排4列2层/ [索取号:TU982.29-64/Z548] | 在馆 |